Séries TV The Walking Dead - Statistiques

Statistiques générales
  • Ce quiz a été pris 88 fois
  • Le résultat moyen est 5 sur 7
Statistiques - réponses
Réponse % Correct
The Walking Dead
95%
Fear the Walking Dead
90%
The Walking Dead: Daryl Dixon
75%
The Walking Dead: Dead City
62%
The Walking Dead: World Beyond
57%
The Walking Dead: The Ones who live
53%
Tales of the Walking Dead
44%
Aucun quiz correspondant
Distribution des résultats
% des personnes avec chaque résultat
Percentile par nombre de réponses
Votre historique - résultats
Vous n’avez pas pris ce quiz